[Event "Tournoi francophone 017"]
[Site "Skype"]
[Date "????.??.??"]
[Round "2.33"]
[White "Dib, Catherine"]
[Black "Moumtaz, Abderrahim"]
[Result "0-1"]
[WhiteElo "1096"]
[BlackElo "1213"]
[PlyCount "60"]

1. Nf3 Nf6 2. c4 e6 3. g3 d5 4. Bg2 Nc6 5. a3 dxc4 6. b3 cxb3 7. Qxb3 Bc5 8. e3
O-O 9. Nc3 a6 10. O-O b5 11. Rd1 Na5 12. Qc2 Rb8 13. Rb1 Nc4 14. d3 Nxa3 15.
Bxa3 Bxa3 16. e4 Bc5 17. d4 Ba7 18. d5 exd5 19. Nxd5 Nxd5 20. Rxd5 Qe7 21. e5
Be6 22. Rd2 Rfd8 23. Nd4 Rxd4 24. Rxd4 Bxd4 25. Rd1 c5 26. Be4 h6 27. Qe2 Bxe5
28. f4 Bd4+ 29. Kh1 Bf5 30. Bxf5 Qxe2 0-1

[Event "Tournoi francophone 017"]
[Site "Skype"]
[Date "????.??.??"]
[Round "2.34"]
[White "Milanese, Serge"]
[Black "Gagnon, Sindy"]
[Result "1-0"]
[WhiteElo "1202"]
[BlackElo "1000"]
[PlyCount "47"]

1. Nf3 d5 2. d4 Nf6 3. Bf4 Na6 4. e3 e6 5. a3 b6 6. Bd3 Bb7 7. c3 Be7 8. Nbd2
O-O 9. Ne5 Qd6 10. Ng6 Qd8 11. Nxf8 Bxf8 12. Nf3 Rc8 13. Ne5 c5 14. Qf3 h6 15.
O-O g5 16. Bg3 Be7 17. Qe2 c4 18. Bc2 b5 19. f4 g4 20. Nxg4 Nxg4 21. Qxg4+ Kh8
22. Qh5 Qg8 23. Qxh6+ Qh7 24. Qxh7# 1-0

[Event "Tournoi francophone 017"]
[Site "Skype"]
[Date "????.??.??"]
[Round "2.35"]
[White "Dida, Brahim"]
[Black "Busto, Ricardo"]
[Result "0-1"]
[WhiteElo "1000"]
[BlackElo "1198"]
[PlyCount "28"]

1. d4 Nf6 2. Nf3 d5 3. Be3 e6 4. Bf4 c5 5. e3 cxd4 6. exd4 Nc6 7. Bb5 Qb6 8.
Nc3 a6 9. a4 axb5 10. Nxb5 e5 11. Nc7+ Qxc7 12. dxe5 Nxe5 13. O-O Nxf3+ 14.
gxf3 Qxf4 0-1

[Event "Tournoi francophone 017"]
[Site "Skype"]
[Date "????.??.??"]
[Round "2.36"]
[White "Trapletti, Cosetta"]
[Black "Somers, Luc"]
[Result "0-1"]
[WhiteElo "1000"]
[BlackElo "1186"]
[PlyCount "100"]

1. d4 d5 2. Bf4 c5 3. e3 Nc6 4. c3 Nf6 5. Nf3 Nh5 6. Bg5 Nf6 7. Bd3 Bg4 8. Nbd2
e6 9. O-O cxd4 10. cxd4 Be7 11. h3 Bh5 12. Rc1 O-O 13. Re1 Rc8 14. a3 a5 15. e4
dxe4 16. Nxe4 Nxd4 17. Be2 Rxc1 18. Qxc1 Nxe4 19. Nxd4 Bxg5 20. Qc2 Qxd4 21.
Bxh5 f5 22. Bf3 Bh4 23. Bxe4 fxe4 24. Rxe4 Qxf2+ 25. Qxf2 Rxf2 26. Rxh4 Rxb2
27. Ra4 b6 28. Re4 Kf7 29. Rd4 e5 30. Rd7+ Kf6 31. Rd6+ Ke7 32. Rc6 Kd7 33. Rc3
b5 34. Re3 Ke6 35. Re4 Kf5 36. Rh4 h6 37. Rh5+ Kf4 38. Rh4+ Ke3 39. Rg4 Rb1+
40. Kh2 g5 41. h4 b4 42. hxg5 hxg5 43. Rxg5 Kf4 44. Rg8 bxa3 45. Ra8 a2 46.
Rxa5 a1=Q 47. Rxa1 Rxa1 48. g3+ Kf3 49. Kh3 e4 50. g4 Rh1# 0-1

[Event "Tournoi francophone 017"]
[Site "Skype"]
[Date "????.??.??"]
[Round "3.1"]
[White "Ambrosino, Theo"]
[Black "Pouteau, Pascal"]
[Result "1/2-1/2"]
[WhiteElo "1755"]
[BlackElo "1349"]
[PlyCount "64"]

1. c4 Nf6 2. Nc3 e6 3. Nf3 Be7 4. g3 Nc6 5. Bg2 O-O 6. O-O d6 7. d4 Re8 8. b3
d5 9. Ne5 Nxe5 10. dxe5 Nd7 11. cxd5 Nxe5 12. dxe6 c6 13. exf7+ Nxf7 14. Bb2
Bf6 15. e3 Be6 16. Qc2 Qc7 17. Nb5 Qe7 18. Bxf6 gxf6 19. Nd4 Bd5 20. Nf5 Qe5
21. Bxd5 Qxd5 22. Rad1 Qe4 23. Qxe4 Rxe4 24. Rd7 Re5 25. Nd6 Rd5 26. Nxf7 Rxd7
27. Nh6+ Kg7 28. Nf5+ Kg6 29. e4 Re8 30. f3 Rd2 31. g4 h6 32. h4 Kh7 1/2-1/2

[Event "Tournoi francophone 017"]
[Site "Skype"]
[Date "????.??.??"]
[Round "3.2"]
[White "Elias, Roberto"]
[Black "Hargez, Dany"]
[Result "1-0"]
[WhiteElo "1671"]
[BlackElo "1296"]
[PlyCount "75"]

1. e4 e5 2. f4 exf4 3. Bc4 Qh4+ 4. Kf1 Nf6 5. Nf3 Qh6 6. d3 Ng4 7. Nc3 Ne3+ 8.
Bxe3 fxe3 9. Nd5 Bd6 10. Qe2 O-O 11. Nxe3 Bf4 12. Nf5 Qg5 13. Nxg5 Bxg5 14. Qg4
Bf6 15. Nh6+ Kh8 16. Nxf7+ Rxf7 17. Bxf7 Nc6 18. Be8 Ne5 19. Qg3 d6 20. d4 Ng4
21. h3 Nh6 22. e5 dxe5 23. Qxe5 Bxe5 24. dxe5 Bf5 25. Ba4 Rd8 26. Re1 Rd2 27.
e6 Ng8 28. e7 Nxe7 29. Rxe7 Rd1+ 30. Ke2 Rd8 31. Rd1 Rf8 32. Rxc7 Bg6 33. Rdd7
Re8+ 34. Re7 Bh5+ 35. g4 Rxe7+ 36. Rxe7 Bg6 37. Rxb7 h5 38. Rxa7 1-0

[Event "Tournoi francophone 017"]
[Site "Skype"]
[Date "????.??.??"]
[Round "3.4"]
[White "Le Brun, Yves"]
[Black "Megelas, Florent"]
[Result "0-1"]
[WhiteElo "1321"]
[BlackElo "1496"]
[PlyCount "86"]

1. d4 Nf6 2. Bf4 d5 3. e3 a6 4. Bd3 h6 5. h3 e6 6. Nd2 Bd6 7. Bxd6 Qxd6 8. a3
Nbd7 9. Ngf3 c5 10. c3 c4 11. Bc2 O-O 12. O-O b5 13. Re1 Bb7 14. b3 Rac8 15. b4
Ne4 16. Nxe4 dxe4 17. Nh2 Nf6 18. a4 Rfd8 19. axb5 axb5 20. Ng4 Nxg4 21. Qxg4
f5 22. Qe2 Ra8 23. Ra5 Rxa5 24. bxa5 Qa3 25. f3 Qxc3 26. fxe4 Bxe4 27. Bxe4
fxe4 28. Rd1 Qxa5 29. Qg4 Qb6 30. Qxe4 b4 31. Rb1 c3 32. Qc2 e5 33. Qb3+ Kh8
34. Qxc3 exd4 35. exd4 Qxd4+ 36. Qxd4 Rxd4 37. Kf2 Kg8 38. Ke3 Rc4 39. Rb3 Rc2
40. Rxb4 Rxg2 41. Rg4 Rxg4 42. hxg4 Kf7 43. Kf4 Kf6 0-1

[Event "Tournoi francophone 017"]
[Site "Skype"]
[Date "????.??.??"]
[Round "3.5"]
[White "L'Herbon De Lussats, Jean"]
[Black "Sequeda Pimiento, Javier Ricardo"]
[Result "0-1"]
[WhiteElo "1245"]
[BlackElo "1434"]
[PlyCount "100"]

1. d4 Nf6 2. c4 g6 3. Nf3 Bg7 4. Nbd2 O-O 5. e4 d6 6. d5 c6 7. Be2 cxd5 8. cxd5
e6 9. Bc4 exd5 10. Bxd5 Nbd7 11. O-O Nb6 12. Bb3 Bg4 13. Re1 d5 14. e5 Nfd7 15.
h3 Bxf3 16. Nxf3 Nc5 17. Rb1 Nxb3 18. Qxb3 Rc8 19. Bf4 Re8 20. a4 a5 21. Qa2 d4
22. Ng5 Re7 23. e6 fxe6 24. Nxe6 Qd5 25. Qxd5 Nxd5 26. Bg3 Rce8 27. Nf4 Rxe1+
28. Rxe1 Rxe1+ 29. Kh2 Nxf4 30. Bxf4 d3 31. b3 Re2 32. Be3 d2 33. Bxd2 Rxd2 34.
g4 Rb2 35. Kg3 Rxb3+ 36. f3 Ra3 37. h4 Rxa4 38. h5 gxh5 39. Kh4 hxg4 40. fxg4
Rb4 41. Kh5 a4 42. g5 a3 43. g6 Rb5+ 44. Kg4 hxg6 45. Kf4 a2 46. Ke4 a1=Q 47.
Kd3 Qc3+ 48. Ke4 Re5+ 49. Kf4 Qe3+ 50. Kg4 Re4# 0-1

[Event "Tournoi francophone 017"]
[Site "Skype"]
[Date "????.??.??"]
[Round "3.6"]
[White "Gerbaux, Regis"]
[Black "Castillo, David"]
[Result "1/2-1/2"]
[WhiteElo "1075"]
[BlackElo "1381"]
[PlyCount "47"]

1. e4 c5 2. c3 e5 3. Nf3 d6 4. d4 exd4 5. cxd4 Be7 6. Nc3 a6 7. Nd5 h6 8. Bd3
Be6 9. Bc4 Nc6 10. dxc5 dxc5 11. Bf4 Bd6 12. e5 Be7 13. O-O b5 14. Bb3 c4 15.
Rc1 Qxd5 16. Bc2 Qxd1 17. Rfxd1 Rd8 18. Be4 Nb8 19. b3 Ba3 20. Rxd8+ Kxd8 21.
Rd1+ Ke8 22. bxc4 Bxc4 23. e6 Bxe6 24. Bxb8 1/2-1/2

[Event "Tournoi francophone 017"]
[Site "Skype"]
[Date "????.??.??"]
[Round "3.7"]
[White "Vasquez Cienfuegos, Oscar"]
[Black "Bucherie, Volcy"]
[Result "1-0"]
[WhiteElo "1370"]
[BlackElo "1274"]
[PlyCount "63"]

1. e4 c6 2. d4 d5 3. Nc3 dxe4 4. Nxe4 Bf5 5. Ng3 Bg6 6. c4 e6 7. Nf3 Nf6 8. Be2
Bd6 9. O-O Bxg3 10. fxg3 O-O 11. Ne5 Be4 12. Bg5 h6 13. Bxf6 gxf6 14. Ng4 Kg7
15. Rxf6 h5 16. Rf4 f5 17. Ne5 Nd7 18. Nxd7 Qxd7 19. Bxh5 e5 20. dxe5 Qe7 21.
Qb3 Qc5+ 22. Kh1 Qxe5 23. Qxb7+ Kh6 24. Rh4 Kg5 25. Bf3 f4 26. Rh5+ Kf6 27.
Rxe5 Kxe5 28. Bxe4 Kxe4 29. Qxc6+ Ke3 30. Qf3+ Kd2 31. Rd1+ Kc2 32. Qe2# 1-0

[Event "Tournoi francophone 017"]
[Site "Skype"]
[Date "????.??.??"]
[Round "3.8"]
[White "Khabou, Taha"]
[Black "Lognos, Lina"]
[Result "1-0"]
[WhiteElo "1358"]
[BlackElo "1023"]
[PlyCount "75"]

1. d4 d5 2. Bf4 Nf6 3. e3 e6 4. Nf3 Bd6 5. Bg3 O-O 6. Bd3 Nbd7 7. Nbd2 c5 8. c3
c4 9. Bc2 Bxg3 10. hxg3 Re8 11. e4 Qb6 12. Rb1 dxe4 13. Nxe4 Qc7 14. Ne5 Nf8
15. Nxf6+ gxf6 16. Qg4+ Ng6 17. Nxg6 fxg6 18. Qh4 Re7 19. Qxf6 Rg7 20. Rh4 Qf7
21. Qd8+ Qf8 22. Qxf8+ Kxf8 23. Be4 a5 24. a4 Rb8 25. d5 Bd7 26. dxe6 Bxe6 27.
Rd1 Re8 28. Kf1 Bf5 29. Bxf5 gxf5 30. Rxc4 Rg6 31. Rc5 Rg5 32. Rxa5 Rh5 33. Kg1
Re6 34. f3 Reh6 35. Kf2 Rg6 36. Rad5 Kg7 37. Rd7+ Kh6 38. Rxb7 1-0

[Event "Tournoi francophone 017"]
[Site "Skype"]
[Date "????.??.??"]
[Round "3.10"]
[White "Fouques Duparc, Paulin"]
[Black "Trivedi, Viral"]
[Result "1/2-1/2"]
[WhiteElo "1207"]
[BlackElo "1210"]
[PlyCount "56"]

1. e4 e6 2. f4 d5 3. exd5 exd5 4. Nf3 Bg4 5. d4 Nf6 6. h3 Bxf3 7. Qxf3 Ne4 8.
Be3 Qh4+ 9. Bf2 Nxf2 10. Qxf2 Qxf2+ 11. Kxf2 Nd7 12. Nc3 c6 13. Re1+ Be7 14.
Bd3 Nf6 15. Re2 Kd8 16. Rhe1 Bb4 17. a3 Ba5 18. Re7 Bc7 19. g3 Rf8 20. Bf5 g6
21. Bd3 Rb8 22. Kf3 Bd6 23. R7e2 Re8 24. Rxe8+ Nxe8 25. g4 Kc7 26. g5 Ng7 27.
b4 Re8 28. Rxe8 Nxe8 1/2-1/2

[Event "Tournoi francophone 017"]
[Site "Skype"]
[Date "????.??.??"]
[Round "3.11"]
[White "Deville, Olivier"]
[Black "Milanese, Serge"]
[Result "1-0"]
[WhiteElo "1767"]
[BlackElo "1202"]
[PlyCount "57"]

1. d4 Nf6 2. c4 e6 3. Nf3 d5 4. g3 Nc6 5. Bg2 Be7 6. O-O O-O 7. Nbd2 dxc4 8.
Nxc4 Bd6 9. Nxd6 cxd6 10. e3 Re8 11. Qe2 a6 12. Rd1 Bd7 13. e4 e5 14. d5 Ne7
15. b3 Rc8 16. Ba3 Bb5 17. Qe1 Rc2 18. Nd2 Nc8 19. Rdc1 Qc7 20. Nc4 Rxc1 21.
Rxc1 Qb8 22. Bh3 Bd7 23. Bxd7 Nxd7 24. Qc3 Ndb6 25. Nxb6 Nxb6 26. Qc7 Qa7 27.
Qxd6 Rc8 28. Rxc8+ Nxc8 29. Qd8# 1-0

[Event "Tournoi francophone 017"]
[Site "Skype"]
[Date "????.??.??"]
[Round "3.12"]
[White "Rodier, Marc"]
[Black "Colangelo, Michele"]
[Result "1-0"]
[WhiteElo "1566"]
[BlackElo "1189"]
[PlyCount "29"]

1. e4 c5 2. Nf3 d6 3. d4 cxd4 4. Nxd4 Nf6 5. Nc3 e5 6. Nb3 a6 7. a4 Be7 8. Bc4
O-O 9. h3 Qc7 10. Qe2 Nc6 11. Be3 h6 12. Nd5 Nxd5 13. Bxd5 Nb4 14. c4 Qa5 15.
Nxa5 1-0

[Event "Tournoi francophone 017"]
[Site "Skype"]
[Date "????.??.??"]
[Round "3.15"]
[White "Somers, Luc"]
[Black "Hurtado De Mendoza, Ramon Miguel"]
[Result "1-0"]
[WhiteElo "1186"]
[BlackElo "1436"]
[PlyCount "73"]

1. e4 e6 2. Nc3 c5 3. Bc4 Nc6 4. Nf3 a6 5. a4 Be7 6. O-O Qc7 7. Nd5 exd5 8.
Bxd5 d6 9. h3 Bd7 10. b3 Bf6 11. c3 Nge7 12. Re1 O-O 13. Bb2 Nb4 14. Bc4 Ng6
15. e5 Nc6 16. exf6 gxf6 17. d4 Rfe8 18. Qd2 Kg7 19. Rad1 Rad8 20. Nh2 Rh8 21.
Qe2 h5 22. Qf3 Rh7 23. Bd3 cxd4 24. cxd4 d5 25. Nf1 Be6 26. Rc1 Rdh8 27. Ne3
Qd7 28. Ba3 Nxd4 29. Qg3 Nc6 30. b4 Nce5 31. Bc2 d4 32. Red1 d3 33. f4 d2 34.
Ra1 h4 35. Qf2 Nd3 36. Qxd2 Rd8 37. Qxd3 1-0

[Event "Tournoi francophone 017"]
[Site "Skype"]
[Date "????.??.??"]
[Round "3.16"]
[White "De Coninck, Philippe"]
[Black "Marino, Giuseppe"]
[Result "0-1"]
[WhiteElo "1173"]
[BlackElo "1339"]
[PlyCount "36"]

1. e4 e5 2. Nf3 d6 3. Bc4 Be7 4. d4 exd4 5. Qxd4 Nf6 6. Nc3 c6 7. O-O O-O 8.
Ng5 h6 9. Nxf7 Rxf7 10. Bxf7+ Kxf7 11. f4 Kg8 12. Be3 Ng4 13. Rf3 Nxe3 14. Qxe3
b6 15. Rd1 Bg4 16. Rg3 Bxd1 17. Nxd1 d5 18. e5 Bc5 0-1

[Event "Tournoi francophone 017"]
[Site "Skype"]
[Date "????.??.??"]
[Round "3.17"]
[White "Duthoit, Bernard"]
[Black "De Fazio, Monica"]
[Result "1-0"]
[WhiteElo "1333"]
[BlackElo "1153"]
[PlyCount "107"]

1. e4 e6 2. d4 d5 3. exd5 exd5 4. Nf3 Be7 5. Nc3 c6 6. Be3 Nf6 7. Bd3 Bg4 8.
Be2 Nbd7 9. h3 Bxf3 10. Bxf3 Qb6 11. Qc1 O-O 12. Ne2 Rac8 13. c3 Rfe8 14. O-O
Bd6 15. b3 c5 16. dxc5 Nxc5 17. Qd2 Qc7 18. Rac1 Nce4 19. Bxe4 Nxe4 20. Qxd5
Bc5 21. Bxc5 Nxc5 22. Nd4 Nd3 23. Nb5 Qc5 24. Qxc5 Rxc5 25. Rcd1 Rxb5 26. Rxd3
Rbe5 27. Rfd1 Kf8 28. Kf1 f6 29. Rd7 R5e7 30. Rxe7 Kxe7 31. Re1+ Kd8 32. Rxe8+
Kxe8 33. Ke2 Kd7 34. c4 Kd6 35. Kd3 a5 36. Kd4 Kc6 37. a3 b5 38. cxb5+ Kxb5 39.
Kd5 g6 40. f4 h5 41. h4 f5 42. g3 Kb6 43. Kc4 Kc6 44. a4 Kb6 45. b4 axb4 46.
Kxb4 Ka6 47. Kc5 Ka5 48. Kd6 Kxa4 49. Ke6 Kb4 50. Kf6 Kc4 51. Kxg6 Kd4 52. Kxf5
Ke3 53. Kg5 Kf3 54. f5 1-0

[Event "Tournoi francophone 017"]
[Site "Skype"]
[Date "????.??.??"]
[Round "3.18"]
[White "Vincent, Andre"]
[Black "Martin, Jean-Claude"]
[Result "1/2-1/2"]
[WhiteElo "1332"]
[BlackElo "1153"]
[PlyCount "85"]

1. d4 e5 2. dxe5 Nc6 3. Nf3 Qe7 4. e3 Nxe5 5. Nxe5 Qxe5 6. Qf3 Nf6 7. Be2 Bb4+
8. c3 Bd6 9. Nd2 Qd5 10. Qxd5 Nxd5 11. Nc4 Be7 12. e4 Nf6 13. Bf3 d6 14. Bf4
Bg4 15. h3 Bxf3 16. gxf3 Nh5 17. Be3 O-O 18. Ke2 Bf6 19. Kd3 a6 20. Rhg1 g6 21.
f4 Rfe8 22. Rg2 Rad8 23. Nd2 c5 24. Rag1 b5 25. Kc2 a5 26. f5 Kg7 27. fxg6 hxg6
28. Bg5 Bxg5 29. Rxg5 Nf4 30. R1g3 Re5 31. h4 Rxg5 32. hxg5 d5 33. e5 d4 34.
Ne4 d3+ 35. Kd2 c4 36. Nd6 Rd7 37. Nxb5 Rd5 38. Rf3 Rxb5 39. Rxf4 Rxe5 40. Rxc4
Rxg5 41. Kxd3 Rb5 42. b4 axb4 43. Rxb4 1/2-1/2

[Event "Tournoi francophone 017"]
[Site "Skype"]
[Date "????.??.??"]
[Round "3.19"]
[White "Ortis, Yves"]
[Black "Codina, Teresa"]
[Result "1-0"]
[WhiteElo "1148"]
[BlackElo "1310"]
[PlyCount "75"]

1. d4 d5 2. c4 e6 3. Nf3 Nf6 4. Nbd2 c6 5. g3 Be7 6. Bg2 O-O 7. O-O Nbd7 8. b4
a6 9. c5 b6 10. Ne5 bxc5 11. Nxc6 Qe8 12. Nxe7+ Qxe7 13. bxc5 a5 14. Ba3 Ra7
15. Rc1 Rc7 16. Nb3 Qd8 17. Qd2 Ne4 18. Qxa5 Ndf6 19. f3 Ng5 20. h4 Nh5 21. Kh2
f5 22. Nd2 Rc6 23. Qa4 Ra6 24. Qb3 Nf7 25. e3 e5 26. f4 Rg6 27. Rf3 e4 28. Rf2
Rxg3 29. Nf1 Qxh4+ 30. Kg1 Rg6 31. c6 Rd8 32. c7 Rd7 33. Qb8 Ng3 34. Qxc8+ Rd8
35. Qb7 h5 36. c8=Q Nxf1 37. Kxf1 Kh7 38. Be7 1-0

[Event "Tournoi francophone 017"]
[Site "Skype"]
[Date "????.??.??"]
[Round "3.21"]
[White "Guillaume, Mickael"]
[Black "Cengiz, Ali Ekber"]
[Result "1-0"]
[WhiteElo "1106"]
[BlackElo "1281"]
[PlyCount "55"]

1. d4 d5 2. c4 e6 3. Nc3 c6 4. e3 Nf6 5. Bd3 Nbd7 6. Qc2 Bb4 7. Nf3 Bxc3+ 8.
Qxc3 a6 9. Ng5 e5 10. f3 h6 11. dxe5 hxg5 12. exf6 Nxf6 13. Qe5+ Kf8 14. Qxg5
Rh5 15. Qf4 Be6 16. b3 dxc4 17. Ba3+ c5 18. Bxc5+ Rxc5 19. Bc2 b5 20. Rd1 Qa5+
21. Ke2 cxb3 22. Qd6+ Kg8 23. Qxc5 Rc8 24. Qd6 Rxc2+ 25. Rd2 Bc4+ 26. Kd1 Rxd2+
27. Qxd2 bxa2 28. Qxa5 1-0

[Event "Tournoi francophone 017"]
[Site "Skype"]
[Date "????.??.??"]
[Round "3.22"]
[White "Prieto, Jairo Ovidio"]
[Black "Tolaro, Filippa"]
[Result "1/2-1/2"]
[WhiteElo "1277"]
[BlackElo "1114"]
[PlyCount "39"]

1. d4 d5 2. Nc3 Nf6 3. Bg5 h6 4. Bxf6 exf6 5. e3 Bb4 6. Qd2 Bf5 7. a3 Bxc3 8.
Qxc3 c6 9. Bd3 Bxd3 10. Qxd3 O-O 11. Nf3 Qb6 12. O-O g6 13. Nd2 Nd7 14. c4 f5
15. c5 Qc7 16. f4 Nf6 17. Nf3 b6 18. b4 bxc5 19. bxc5 Rab8 20. Rab1 1/2-1/2

[Event "Tournoi francophone 017"]
[Site "Skype"]
[Date "????.??.??"]
[Round "3.23"]
[White "Le Bouill, Pierre"]
[Black "Ruiz Aguilera, Juan Jesus"]
[Result "1/2-1/2"]
[WhiteElo "1260"]
[BlackElo "1102"]
[PlyCount "40"]

1. d4 d5 2. h3 e6 3. Nf3 Bd6 4. c3 Nf6 5. Ne5 c5 6. b3 Qc7 7. e3 Nc6 8. Nxc6
Qxc6 9. Be2 O-O 10. Nd2 Ne4 11. O-O a6 12. Bf3 Re8 13. Qc2 Nxd2 14. Qxd2 cxd4
15. cxd4 Bd7 16. Bb2 Rac8 17. Rac1 Qb6 18. Rxc8 Rxc8 19. Rc1 Rxc1+ 20. Bxc1 Qb4
1/2-1/2

[Event "Tournoi francophone 017"]
[Site "Skype"]
[Date "????.??.??"]
[Round "3.24"]
[White "Ibanez, Bittor"]
[Black "Briere, Jean"]
[Result "0-1"]
[WhiteElo "1080"]
[BlackElo "1237"]
[PlyCount "112"]

1. e4 e5 2. Nf3 Nc6 3. Bc4 Bc5 4. Nc3 Nf6 5. d4 exd4 6. e5 dxc3 7. exf6 Qxf6 8.
Qe2+ Qe7 9. O-O Qxe2 10. Bxe2 O-O 11. b3 Re8 12. Bc4 h6 13. Bf4 d6 14. Rae1 Bf5
15. Nh4 Bxc2 16. Re2 Rxe2 17. Bxe2 Re8 18. Bb5 Re7 19. Nf3 Nd4 20. Nxd4 Bxd4
21. Bc4 Kf8 22. Bd5 Be4 23. Bxe4 Rxe4 24. Bc1 c2 25. g3 Bc5 26. Kg2 d5 27. Kf3
f5 28. Be3 Bxe3 29. fxe3 g5 30. Rc1 g4+ 31. Ke2 c6 32. Rxc2 Ke7 33. Kd3 Kd6 34.
Rf2 Ke5 35. a3 c5 36. Rc2 b6 37. Rc3 a5 38. a4 d4 39. exd4+ Rxd4+ 40. Ke2 Re4+
41. Kf2 f4 42. gxf4+ Kxf4 43. h4 h5 44. Rd3 Rd4 45. Rc3 Rd2+ 46. Ke1 Rh2 47.
Rc4+ Kg3 48. b4 cxb4 49. Rc6 Ra2 50. Rxb6 Rxa4 51. Rb5 Kxh4 52. Kf2 Ra2+ 53.
Kg1 g3 54. Rc5 b3 55. Rc4+ Kh3 56. Rf4 Ra1+ 0-1

[Event "Tournoi francophone 017"]
[Site "Skype"]
[Date "????.??.??"]
[Round "3.25"]
[White "Hampton, Irene"]
[Black "Malbec, Robert"]
[Result "1-0"]
[WhiteElo "1026"]
[BlackElo "1223"]
[PlyCount "77"]

1. d4 d5 2. Bf4 h6 3. c3 Nf6 4. Nd2 e6 5. Ngf3 Nc6 6. h3 Bd6 7. Bg3 Bxg3 8.
fxg3 Qd6 9. Ne5 Nxe5 10. Nf3 Nxf3+ 11. gxf3 Qxg3+ 12. Kd2 Nh5 13. e3 Qh4 14.
Kc2 Qg5 15. Qe1 O-O 16. h4 Qe7 17. Bd3 c6 18. Qe2 Ng3 19. Qg2 Nxh1 20. Qxh1 c5
21. Rg1 f6 22. Qg2 c4 23. Be2 Rf7 24. f4 Kh8 25. Qh3 e5 26. Bg4 Bxg4 27. Rxg4
exd4 28. cxd4 Qe4+ 29. Kd2 Qd3+ 30. Ke1 Re8 31. Kf2 Qd2+ 32. Kg1 Qxb2 33. Rg3
Qc1+ 34. Kg2 Qxe3 35. Rxe3 Rc7 36. Rxe8+ Kh7 37. Qf5+ g6 38. Qxf6 c3 39. Qh8#
1-0

[Event "Tournoi francophone 017"]
[Site "Skype"]
[Date "????.??.??"]
[Round "3.26"]
[White "Moumtaz, Abderrahim"]
[Black "Schnell, Nicolas"]
[Result "1-0"]
[WhiteElo "1213"]
[BlackElo "1000"]
[PlyCount "47"]

1. d4 Nc6 2. Nf3 e6 3. Nc3 d6 4. e4 d5 5. e5 f6 6. exf6 Qxf6 7. Bg5 Qf7 8. Nb5
Qd7 9. Bf4 Bb4+ 10. c3 Ba5 11. b4 Bb6 12. a4 e5 13. Nxe5 Nxe5 14. Bxe5 Qe7 15.
a5 Bg4 16. f3 Qh4+ 17. g3 Qg5 18. fxg4 Qe3+ 19. Qe2 Qg5 20. axb6 O-O-O 21. bxa7
Kd7 22. a8=Q Ne7 23. Qa4 Ra8 24. Nxc7+ 1-0

[Event "Tournoi francophone 017"]
[Site "Skype"]
[Date "????.??.??"]
[Round "3.27"]
[White "Gharbi, Said"]
[Black "Blanchard, Colette"]
[Result "1-0"]
[WhiteElo "1434"]
[BlackElo "1000"]
[PlyCount "47"]

1. e4 e5 2. Nf3 Nc6 3. Bb5 Nf6 4. Bxc6 bxc6 5. Nxe5 d6 6. Nxc6 Qd7 7. Ne5 dxe5
8. O-O Nxe4 9. Re1 Bb7 10. d3 Nf6 11. Rxe5+ Be7 12. Bg5 O-O 13. Qe2 Nd5 14.
Bxe7 Nxe7 15. Rxe7 Qc6 16. f3 h6 17. Nc3 Rae8 18. Re1 Ba6 19. Rxe8 Rxe8 20.
Qxe8+ Qxe8 21. Rxe8+ Kh7 22. Re7 Kg6 23. Rxc7 Kf6 24. Rc6+ 1-0

[Event "Tournoi francophone 017"]
[Site "Skype"]
[Date "????.??.??"]
[Round "3.28"]
[White "Vervoort, Jean-Louis"]
[Black "Scata, Laura"]
[Result "1-0"]
[WhiteElo "1273"]
[BlackElo "1366"]
[PlyCount "119"]

1. d4 Nf6 2. Bf4 d5 3. Nd2 Bf5 4. Ngf3 Nbd7 5. e3 c5 6. c3 e6 7. Nh4 Bg4 8. Qc2
Nh5 9. Bg3 Be7 10. Nhf3 Qb6 11. Ne5 Nxe5 12. Bxe5 Nf6 13. Bf4 Bd6 14. Bg3 Bf5
15. Qb3 Bxg3 16. hxg3 h6 17. Nf3 Qxb3 18. axb3 cxd4 19. Nxd4 Bg6 20. Be2 Ke7
21. O-O a6 22. c4 e5 23. Nf3 Bh5 24. c5 Ne4 25. Rac1 Bxf3 26. Bxf3 Nd2 27. Rfd1
Nxb3 28. Rc3 e4 29. Rxb3 exf3 30. gxf3 Rab8 31. Rd4 Ke6 32. Rb6+ Ke7 33. Rxd5
Rhd8 34. Re5+ Kf8 35. Rd6 Re8 36. Red5 Rbc8 37. e4 Rc6 38. Rd7 Re7 39. R7d6 Re6
40. Rd8+ Re8 41. Rxe8+ Kxe8 42. Re5+ Kd7 43. b4 Re6 44. Rd5+ Kc6 45. g4 b6 46.
cxb6 Kxb6 47. Kg2 Rc6 48. f4 Rc4 49. Rd6+ Kb5 50. Rd7 Kxb4 51. Rxf7 Rxe4 52.
Kf3 Re8 53. Rxg7 Ra8 54. f5 a5 55. f6 a4 56. f7 a3 57. Rg8 Ra7 58. f8=Q+ Kb3
59. Qb8+ Kc2 60. Qxa7 1-0

[Event "Tournoi francophone 017"]
[Site "Skype"]
[Date "????.??.??"]
[Round "3.29"]
[White "Rodriguez, Nathalie"]
[Black "Vello, Pablo"]
[Result "1-0"]
[WhiteElo "1127"]
[BlackElo "1135"]
[PlyCount "41"]

1. d4 Nf6 2. c4 e6 3. Nc3 Bb4 4. Nf3 Ne4 5. Bd2 Nxd2 6. Nxd2 Nc6 7. a3 Be7 8.
Nde4 O-O 9. e3 d5 10. cxd5 exd5 11. Nc5 Bxc5 12. dxc5 d4 13. exd4 Qxd4 14. Qxd4
Nxd4 15. O-O-O Bf5 16. Rxd4 c6 17. Bd3 Be6 18. Re1 Rfd8 19. Rxd8+ Rxd8 20. Re3
Rd5 21. Nxd5 1-0

[Event "Tournoi francophone 017"]
[Site "Skype"]
[Date "????.??.??"]
[Round "3.30"]
[White "Sauvaget, Joel"]
[Black "Salvi, Angele"]
[Result "0-1"]
[WhiteElo "1290"]
[BlackElo "1000"]
[PlyCount "62"]

1. d4 d5 2. e3 c6 3. c4 Nf6 4. Nf3 e6 5. Nc3 Be7 6. Be2 O-O 7. O-O h6 8. b3
Nbd7 9. Bb2 c5 10. dxc5 Nxc5 11. h3 Rb8 12. Nb5 Nce4 13. Nbd4 a5 14. Bd3 Nc5
15. Bc2 Na6 16. a3 b6 17. Nc6 Qc7 18. Nxb8 Nxb8 19. Rc1 Rd8 20. Bd4 Ba6 21. Re1
Bxa3 22. Ra1 Bb4 23. Rf1 Nc6 24. Bb2 dxc4 25. Qb1 cxb3 26. Bxf6 gxf6 27. Rd1
bxc2 28. Rxd8+ Nxd8 29. Qc1 Kg7 30. Nd4 Bd3 31. Ra2 Bd2 0-1

[Event "Tournoi francophone 017"]
[Site "Skype"]
[Date "????.??.??"]
[Round "3.31"]
[White "Coude, Josue"]
[Black "Gadow, Martin"]
[Result "0-1"]
[WhiteElo "1099"]
[BlackElo "1485"]
[PlyCount "96"]

1. d4 Nf6 2. Bf4 d5 3. Nf3 e6 4. c3 c5 5. e3 Nc6 6. b3 cxd4 7. cxd4 Bb4+ 8.
Nbd2 Ne4 9. Qe2 Nxd2 10. Nxd2 O-O 11. Qd3 Bd6 12. Bxd6 Qxd6 13. Be2 Nb4 14. Qc3
Bd7 15. a3 Nc6 16. O-O Ne7 17. Rfc1 Rfc8 18. Qb4 Qxb4 19. axb4 Rxc1+ 20. Rxc1
Rc8 21. Rxc8+ Nxc8 22. b5 Nd6 23. Bf3 Bxb5 24. g4 g5 25. Kg2 Bd3 26. Kg3 h6 27.
h4 gxh4+ 28. Kxh4 Kg7 29. g5 hxg5+ 30. Kxg5 a5 31. Bh5 Ne4+ 32. Nxe4 Bxe4 33.
f4 Bc2 34. f5 f6+ 35. Kg4 exf5+ 36. Kf4 Bxb3 37. Kxf5 Bc2+ 38. Kf4 a4 39. Bf3
Bb3 40. e4 dxe4 41. Bxe4 a3 42. Bb1 a2 43. Bxa2 Bxa2 44. Ke4 Kf7 45. d5 Bxd5+
46. Kxd5 Kg6 47. Kd6 Kf5 48. Kc7 b5 0-1

[Event "Tournoi francophone 017"]
[Site "Skype"]
[Date "????.??.??"]
[Round "3.32"]
[White "Esformes, Jacques"]
[Black "Sepulveda, Lyda Marcela"]
[Result "0-1"]
[WhiteElo "1015"]
[BlackElo "1302"]
[PlyCount "76"]

1. d4 d5 2. Bf4 Nf6 3. e3 c5 4. c3 e6 5. Nf3 Nbd7 6. Nbd2 Qb6 7. Qb3 c4 8. Qxb6
axb6 9. h3 b5 10. Be2 Be7 11. Ne5 b4 12. a3 bxc3 13. bxc3 Rxa3 14. Rxa3 Bxa3
15. Bg5 Bb2 16. Nb1 Ne4 17. O-O Nxg5 18. Nd2 Nxe5 19. dxe5 Bxc3 20. f4 Bxd2 21.
fxg5 Bxe3+ 22. Kh1 Bxg5 23. Ra1 Kd7 24. Ra2 Bf4 25. Kg1 Bxe5 26. Kf1 Kc7 27.
Kf2 Bd7 28. Bd1 Rb8 29. Bc2 g6 30. g4 b5 31. Kf3 b4 32. Ra5 b3 33. Bb1 Bc6 34.
h4 Ra8 35. Rxa8 Bxa8 36. g5 d4+ 37. Ke2 Kb6 38. h5 Kb5 0-1

[Event "Tournoi francophone 017"]
[Site "Skype"]
[Date "????.??.??"]
[Round "3.33"]
[White "Roman, Sylvian"]
[Black "Dib, Catherine"]
[Result "1-0"]
[WhiteElo "1284"]
[BlackElo "1096"]
[PlyCount "37"]

1. e4 c5 2. Nf3 d6 3. d4 cxd4 4. Nxd4 e5 5. Nf3 Nf6 6. Nc3 a6 7. Bd3 Nc6 8. Bg5
Be7 9. O-O O-O 10. Qd2 Bd7 11. h3 Rb8 12. a4 Qc7 13. Bxf6 Bxf6 14. Nd5 Qd8 15.
a5 Be6 16. Nb6 d5 17. Nxd5 Bxd5 18. exd5 Qxd5 19. Bxh7+ 1-0